000 00552nam a2200193Ia 4500
005 20250326142951.0
008 250326s9999 xx 000 0 und d
020 _a0-273-65437-3
037 _aTextbook
040 _aFMSL
_beng
_cFMSL
041 _aeng
_2eng
084 _aX:8 P2
_qFMSL
100 _aWitzel Morgen
_9416649
245 0 _aBuilder and dreamers: making and meaning of management
_cWitzel Morgen
260 _aLondon
_bLondon, Prentice Hall
_c2002
300 _axvi,297
942 _cTB
_hX:8 P2
999 _c1297495
_d1297495